|
|
|
|
| LEADER |
00000nam a22000007a 4500 |
| 005 |
20170207223918.0 |
| 007 |
cr|||| |||| |
| 008 |
170207s2016 br |||||s|||| 00||0 por d |
| 020 |
|
|
|a 978-85-7456-325-1
|
| 035 |
|
|
|a 14717
|
| 040 |
|
|
|a vLex
|
| 090 |
|
|
|c 6530
|d 6530
|
| 100 |
1 |
|
|a Ferreira Gomide, Tito Lv̕io
|
| 245 |
1 |
0 |
|a Engenharia Legal 5
|h [Recurso electrn̤ico] /
|c Tito Lv̕io Ferreira Gomide
|
| 256 |
|
|
|a Servicio en ln̕ea
|
| 260 |
|
|
|a San Pablo:
|b LEUD - Livraria e Editora Universitr̀ia de Direito,
|c 2016
|
| 300 |
|
|
|a 1 recurso electrn̤ico
|
| 500 |
|
|
|a Engenharia Diagns̤tica em Edificaė̳s. Inspeȯ̂ Predial e Desempenho. Manutenȯ̂ e Avaliaȯ̂ Imobilir̀ia
|
| 506 |
1 |
|
|a Disponible solo en los productos indicados
|d vLex Global
|d vLex Global (Academic Edition, excluding Law Schools)
|d vLex Global (U.S. Academic Edition, Law Schools)
|d vLex Global (U.S. Academic Edition, excluding Law Schools)
|d vLex Global (Academic Edition, Law Schools)
|
| 650 |
0 |
4 |
|a Derecho Pb︢lico y Administrativo
|z Brasil
|
| 740 |
0 |
|
|a vLex Libros (Servicio en ln̕ea)
|
| 856 |
4 |
0 |
|u http://vlex.com/source/engenharia-legal-5-14717
|z Acceso restringido
|
| 942 |
|
|
|c BOOK
|
| 999 |
0 |
|
|a Public and Administrative Law
|